000
00445nam a2200145Ia 4500
008
090124s9999 xx 000 0 und d
082
_b
202236
245
_a
वायरमन (तारतंत्री)
250
_a
1
260
_b
शेकटकर मु.रं
_c
1970
300
_a
157
630
_a
वायरमन (तारतंत्री)
730
_a
वायरमन (तारतंत्री)
942
_c
BOOK
999
_c
183817
_d
183817